[Event "Clark Harmon Memorial"]
[Site "Chess.com INT"]
[Date "2020.04.04"]
[Round "?"]
[White "Vega, Isaac"]
[Black "Wang, Felicity"]
[Result "1-0"]
[WhiteElo "1972"]
[BlackElo "1637"]
[PlyCount "151"]
[EventDate "2020.04.04"]
[EventType "swiss"]
[EventRounds "6"]
[EventCountry "USA"]
[SourceTitle "EXT 2024"]
[Source "ChessBase"]
[SourceDate "2023.10.10"]
[SourceVersion "1"]
[SourceVersionDate "2023.10.10"]
[SourceQuality "1"]

1. e4 e5 2. Nf3 Nc6 3. Bb5 a6 4. Ba4 d6 5. c3 Bd7 6. d4 g6 7. Bg5 f6 8. Be3 Bg7 9. 0-0 Nh6 10. d5 Nb8 11. Bc2 0-0 12. c4 Ng4 13. Bd2 f5 14. Nc3 f4 15. b4 g5 16. Ne1 h5 17. f3 Nh6 18. Nd3 g4 19. Qe2 Qf6 20. Ba4 Bc8 21. c5 Nd7 22. c6 Nb6 23. cxb7 Bxb7 24. Bb3 Kh7 25. a4 Rf7 26. a5 Nd7 27. Rfc1 Bh8 28. Nd1 Nf8 29. Ra2 Ng6 30. Rac2 Qg7 31. Be1 Rg8 32. N1b2 Bc8 33. Kh1 Nf8 34. Bd2 Ng6 35. Nc4 Rd8 36. Nb6 Bb7 37. Na4 Rdd7 38. Nac5 dxc5 39. Nxc5 Bc8 40. Ne6 Qf6 41. Nxc7 Bb7 42. Ne6 Nf8 43. Nc5 Rd6 44. Nxb7 Rxb7 45. Rc7+ Rxc7 46. Rxc7+ Kg8 47. Rc6 Kh7 48. Qxa6 Nf7 49. Qb7 Bg7 50. a6 Nd8 51. Rxd6 Qxd6 52. Qc8 Qb6 53. Qf5+ Kh6 54. fxg4 hxg4 55. Qc8 Qf2 56. Qc1 Nd7 57. Qe1 Qd4 58. Qh4+ Kg6 59. Qxg4+ Kh6 60. Qh4+ Kg6 61. Qg4+ Kh6 62. Bd1 Nf6 63. Qh3+ Kg6 64. Qc3 Qb6 65. Qd3 Nd7 66. h3 Nb8 67. Be2 Bf8 68. Qb5 Qa7 69. Qe8+ Kg7 70. Qxd8 Nxa6 71. Qg5+ Kh8 72. Qxe5+ Bg7 73. Qh5+ Kg8 74. d6 Nb8 75. Bc4+ Kf8 76. Qf5+ 1-0

[Event "Washington State-chD"]
[Site "Kirkland"]
[Date "2020.02.16"]
[Round "7"]
[White "Bian, Erin"]
[Black "Wang, Felicity"]
[Result "0-1"]
[WhiteElo "1405"]
[BlackElo "1527"]
[PlyCount "156"]
[EventDate "2020.02.08"]
[EventType "tourn"]
[EventRounds "7"]
[EventCountry "USA"]
[SourceTitle "EXT 2023"]
[Source "ChessBase"]
[SourceDate "2022.10.05"]
[SourceVersion "1"]
[SourceVersionDate "2022.10.05"]
[SourceQuality "1"]

1. e4 e5 2. Nf3 Nc6 3. Bb5 a6 4. Ba4 d6 5. d4 b5 6. Bb3 Nxd4 7. Nxd4 exd4 8. a4 c5 9. axb5 Bb7 10. Qe2 Qb6 11. Bc4 a5 12. 0-0 Be7 13. f4 Nf6 14. Nd2 0-0 15. g4 d5 16. exd5 Rfe8 17. g5 Nxd5 18. Nf3 Bd6 19. Qf2 Nxf4 20. Bxf4 Bxf4 21. Bxf7+ Kh8 22. Qh4 Be3+ 23. Kh1 Re4 24. Qg3 Qxb5 25. Rae1 Rf4 26. g6 h6 27. b3 Rf6 28. Kg2 Qc6 29. Ra1 Qe4 30. Ra2 Rf4 31. h3 Rf5 32. h4 Rf4 33. Kh2 Rxf3 34. Rxf3 Qxf3 35. Qxf3 Bxf3 36. Kg3 Bd1 37. Rb2 Rb8 38. Ra2 Bd2 39. Kf2 Bb4 40. Rb2 Rb6 41. Rb1 Bxc2 42. Rg1 d3 43. Bc4 d2 44. Be2 Rxg6 45. Rh1 Rf6+ 46. Ke3 Re6+ 47. Kf2 Rxe2+ 48. Kxe2 d1Q+ 49. Rxd1 Bxd1+ 50. Kxd1 g5 51. hxg5 hxg5 52. Ke2 Kg7 53. Kf3 Kf6 54. Kg4 Bd2 55. Kf3 Ke5 56. Ke2 Bf4 57. Kf3 Kd4 58. Kg4 Kc3 59. Kf3 Kxb3 60. Kg4 a4 61. Kf3 a3 62. Kg4 a2 63. Kf3 a1Q 64. Kg4 Qg1+ 65. Kf5 Bb8 66. Ke4 Qd4+ 67. Kf5 Qf4+ 68. Kg6 g4 69. Kg7 Qg5+ 70. Kf7 Qf5+ 71. Ke7 Bd6+ 72. Kxd6 Kc4 73. Kc6 Qe6+ 74. Kc7 Kb5 75. Kb7 Qc6+ 76. Kb8 Qd7 77. Ka8 Kb6 78. Kb8 Qb7# 0-1